00698nam a2200241 a 4500001001300000003000900013005001700022008004100039020000900080082001600089100001900105245004200124260003000166300000900196500003500205505001000240650002800250700001900278902000800297942000700305952012700312999001700439nice12345678IN_TiNIC20260116013458.0050524s1992 dela grp 000 0 eng  ac6500a297.64bADI aAdil, Muhammad aLetters of Hadrat Umar Farooq (R.A.A) aDelhibKitab Bhavanc1992 a151p aincludes index and biblioraphy2 aindex aCaliphate in Literature1 aAdil, Muhammad bSRS cBK 001040708StackRoom-aHMIbHMId2007-07-10g65.00l1o297.64 ADIp017770r2018-03-28s2016-11-07v65.00w2005-05-24yBK c11141d11141